| 000 | 00552nam a22001817a 4500 | ||
|---|---|---|---|
| 005 | 20241120102815.0 | ||
| 008 | 241120b |||||||| |||| 00| 0 eng d | ||
| 020 | _a0091643708 | ||
| 041 | _aEnglish | ||
| 082 | _a330.9688 NAM | ||
| 100 | _lEnglish | ||
| 245 | _aNamibia: Perspectives for National Reconstruction and Development | ||
| 250 | _aFirst Edition | ||
| 260 |
_aLusaka: _bUnited Nations Institute for Namibia, _c1986 |
||
| 300 |
_b1008 pages; _c25 cm. |
||
| 650 |
_aLegal practice _bLaw |
||
| 942 |
_cBK _6ALISON_BN_VRIES |
||
| 999 |
_c3245 _d3245 |
||